Mir space Station (Record no. 3751)

MARC details
000 -LEADER
fixed length control field 00217nam a22000857a 4500
008 - FIXED-LENGTH DATA ELEMENTS--GENERAL INFORMATION
fixed length control field 161108b xxu||||| |||| 00| 0 eng d
100 ## - MAIN ENTRY--PERSONAL NAME
9 (RLIN) 1090
Personal name Razeghpanah. v
245 ## - TITLE STATEMENT
Title Mir space Station
260 ## - PUBLICATION, DISTRIBUTION, ETC. (IMPRINT)
Place of publication, distribution, etc. New Delhi
Name of publisher, distributor, etc. N B T
Date of publication, distribution, etc. 2005
Holdings
Withdrawn status Lost status Source of classification or shelving scheme Damaged status Koha normalized classification for sorting Not for loan Home library Current library Shelving location Date acquired Total Checkouts Full call number Barcode Date last seen Price effective from Koha item type
    Dewey Decimal Classification   520_000000000000000   Good Samaritan School Library Good Samaritan School Library Science 11/08/2016   520 RAZ5018 11/08/2016 11/08/2016 BOOK

Powered by Koha